Mario Party Superstars Playable Characters - Statistics

General Stats
  • This quiz has been taken 260 times
  • The average score is 9 of 10
Answer Stats
# Character % Correct
1 Mario
99%
5 Daisy
95%
2 Luigi
95%
3 Princess Peach
94%
4 Wario
93%
7 Yoshi
93%
8 Donkey Kong
91%
6 Waluigi
91%
10 Birdo
86%
9 Rosalina
85%
No matching quizzes found
Score Distribution
Percent of People with Each Score
Percentile by Number Answered
Your Score History
You have not taken this quiz